| 000 | 00903nam a22002177a 4500 | ||
|---|---|---|---|
| 999 |
_c65668 _d65668 |
||
| 005 | 20240530110837.0 | ||
| 008 | 191117s2004 ua a f b 000 0 ara d | ||
| 017 |
_a2004/10607 _bمصر. دار الكتب |
||
| 020 | _a9771803409 | ||
| 040 |
_aEG-CaGPL _cEG-CaGPL |
||
| 082 | 0 | 4 |
_221 _a629.13.962 _bق/ع ط |
| 100 | 0 | _aعبداللطيف محمد الصباغ | |
| 245 | 1 | 2 |
_aالطيران المدنى فى مصر : _bدراسة فى تاريخ مؤسسة مصر للطيران (1932-1956) / _cعبداللطيف محمد الصباغ |
| 250 | _aط.1 | ||
| 260 |
_aالقاهرة : _bمطبعة دار الكتب و الوثائق القومية بالقاهرة ، _c2004 |
||
| 300 |
_a229 ص. : _bايض. ؛ _c28 سم . |
||
| 650 | 0 | 7 |
_2qrmak _aالطيران المدنى _vتنظيم وادارة _zمصر |
| 651 | _2qrmak | ||
| 942 |
_2ddc _cBK |
||